|
|
|
|
| LEADER |
00000nab a2200000 a 4500 |
| 001 |
vtls000059976 |
| 003 |
SK-MaSNL |
| 005 |
20260304213535.0 |
| 008 |
160202c1980 xo 0 slo |
| 015 |
|
|
|a SNBRB19rr/mm-uuuuu
|
| 035 |
|
|
|a CL0070076
|
| 040 |
|
|
|a SNKBUCL
|b slo
|c SNKBUCL
|e AACR2
|
| 041 |
0 |
|
|a slo
|
| 044 |
|
|
|a xo
|c SK
|
| 080 |
|
|
|a 82:061.7:06.063:885.0
|2 1981
|
| 080 |
|
|
|a 061.7
|2 1981
|
| 080 |
|
|
|a 06.063
|2 1981
|
| 080 |
|
|
|a 885.0
|2 1981
|
| 080 |
|
|
|a 82
|2 1981
|
| 080 |
|
|
|a 792.2.096
|2 1981
|
| 100 |
1 |
|
|a -š-
|4 aut
|9 922083
|
| 245 |
1 |
0 |
|a Prix Bohemia
|c -š-
|
| 650 |
0 |
7 |
|a relácie rozhlasové
|2 snkbucl
|9 877562
|
| 650 |
0 |
7 |
|a rozhlasové hry
|2 snkbucl
|9 2914
|
| 650 |
0 |
7 |
|a literárne súťaže
|2 snkbucl
|9 4275
|
| 650 |
0 |
7 |
|a Prix Bohemia 80, Plzeň
|2 snkbucl
|9 1546585
|
| 651 |
|
7 |
|a Plzeň (Česko)
|2 SNKPHgeo
|9 30244
|
| 655 |
|
7 |
|a články z novín a časopisov
|2 snkbucl
|9 267496
|
| 655 |
|
7 |
|a články z odboru literárna veda a krásna literatúra
|2 snkbucl
|9 770045
|
| 773 |
0 |
|
|t Rozhlas
|g Č. 24 (1980), s. 10
|
| 850 |
|
|
|a Slovenská národná knižnica v Martine
|a MTA001
|
| 852 |
|
|
|a SNK
|b KIS3GCP
|
| 958 |
|
|
|a RK
|
| 958 |
|
|
|a CZ
|
| 958 |
|
|
|a LX
|
| 958 |
|
|
|a SK
|
| 992 |
|
|
|a RBX
|
| 999 |
|
|
|c 3136348
|d 3138278
|